[Event "XLI Rilton Cup 2011-12"]
[Site "Stockholm SWE"]
[Date "2011.12.28"]
[Round "2"]
[Board "20"]
[White "Karlsson, Lars"]
[Black "Johansson, Gunnar"]
[Result "1-0"]
[WhiteTitle "GM"]
[WhiteElo "2485"]
[BlackElo "2238"]
[WhiteFideId "1700057"]
[BlackFideId "1703501"]
[EventDate "2011.12.27"]

1. b3 d5 2. Bb2 c5 3. e3 Nf6 4. f4 g6 5. Nf3 Bg7 6. Bb5+ Bd7 7. Qe2 O-O 8. Bxd7
Nbxd7 9. O-O Qc7 10. c4 Rad8 11. Nc3 e6 12. g3 b6 13. d3 Qb7 14. e4 dxe4 15.
dxe4 e5 16. f5 gxf5 17. Nh4 fxe4 18. Nf5 Kh8 19. Rad1 Nb8 20. Rxd8 Rxd8 21. Nxg7
Kxg7 22. Rxf6 Kxf6 23. Nxe4+ Ke6 24. Bxe5 f5 25. Nf6 Nc6 26. Bc3+ Kd6 27. Qf3
Ke6 28. g4 fxg4 29. Qxg4+ Kd6 30. Qf4+ Ke6 31. Qe4+ Kd6 32. Be5+ Ke6 33. Nd5
Rg8+ 34. Bg3+ Kf7 35. Qf5+ Ke8 36. Nf6+ Kf8 37. Nd7+ Ke7 38. Qxh7+ Kd8 39. Qxg8+
Kxd7 40. Qg4+ Ke8 41. Qg8+ Kd7 42. Qd5+ Kc8 43. h4 Nd4 44. Qg8+ Kd7 45. Qf7+ Kc6
46. Qd5# 1-0

[Event "XLI Rilton Cup 2011-12"]
[Site "Stockholm SWE"]
[Date "2011.12.28"]
[Round "2"]
[Board "22"]
[White "Agrest, Inna"]
[Black "Nithander, Victor"]
[Result "0-1"]
[WhiteTitle "WIM"]
[BlackTitle "IM"]
[WhiteElo "2189"]
[BlackElo "2423"]
[WhiteFideId "1708830"]
[BlackFideId "1707833"]
[EventDate "2011.12.27"]

1. e4 d6 2. d4 Nf6 3. Nc3 g6 4. Nf3 Bg7 5. Bf4 Nc6 6. Qd2 Bg4 7. d5 Nb8 8. Be2
c6 9. h3 Bxf3 10. Bxf3 cxd5 11. exd5 Nbd7 12. O-O O-O 13. Rfe1 Re8 14. a4 Rc8
15. a5 a6 16. Ra3 Qc7 17. Bd1 Ne5 18. Bxe5 dxe5 19. Qe3 e4 20. Rb3 Qxa5 21. Rxb7
Rb8 22. b4 Qd8 23. Rxb8 Qxb8 24. Be2 Qxb4 25. Rb1 Qa5 26. Nxe4 Nxd5 27. Qa7 Nc7
28. Bf1 Be5 29. Qc5 Qxc5 30. Nxc5 a5 31. Rb7 Rd8 32. Nd3 Bd6 33. Nb2 Ne6 34. Ra7
Bb4 35. Nd3 Bc3 36. Rxe7 Ra8 37. g3 a4 38. Bg2 Ra5 39. Nc1 Bd4 40. Re8+ Kg7 41.
Ra8 Ba7 42. Na2 a3 43. Kf1 f5 44. c3 Kf6 45. h4 Nc7 46. Rd8 Rb5 47. Nb4 Rxb4 48.
cxb4 a2 49. Rd1 Bd4 50. Bc6 a1=Q 51. Rxa1 Bxa1 52. Ke2 Bd4 53. f3 Ne6 54. Bb7
Ke5 55. Ba8 Bb6 56. Bb7 Kd4 57. Bc8 Kd5 58. Kf1 Nd4 59. g4 Ke5 60. Kg2 Kf4 61.
gxf5 Nxf5 62. h5 g5 63. Kh3 h6 64. Bd7 Nh4 65. b5 Nxf3 66. Bc8 Ne5 67. Be6 g4+
68. Kg2 Nf3 69. Bd5 Nh4+ 70. Kh2 Kg5 71. Be6 Kxh5 72. Kg3 Bc7+ 73. Kf2 g3+ 0-1

[Event "XLI Rilton Cup 2011-12"]
[Site "Stockholm SWE"]
[Date "2011.12.28"]
[Round "2"]
[Board "23"]
[White "Hansson, Fredrik"]
[Black "Bellon Lopez, Juan Manuel"]
[Result "0-1"]
[BlackTitle "GM"]
[WhiteElo "1985"]
[BlackElo "2419"]
[WhiteFideId "1713256"]
[BlackFideId "2200031"]
[EventDate "2011.12.27"]

1. e4 c5 2. c3 Qa5 3. Bc4 e6 4. Nf3 b5 5. Bb3 Bb7 6. Qe2 d6 7. O-O Nd7 8. d4 Be7
9. Bf4 Ngf6 10. Nbd2 a6 11. e5 dxe5 12. dxe5 Nd5 13. Bg3 c4 14. Bc2 Nc5 15. a4
Qb6 16. Nd4 O-O 17. h4 Rad8 18. h5 Rfe8 19. Ne4 Nb4 20. a5 Qa7 21. Nxb5 axb5 22.
cxb4 Nxe4 23. Bxe4 Bxb4 24. Bxb7 Qxb7 25. a6 Qc6 26. Bf4 Ra8 27. a7 Bc5 28. Be3
Qb6 29. Bxc5 Qxc5 30. h6 Rxa7 31. Qg4 g6 32. Qf4 Rxa1 33. Rxa1 Rc8 34. Rc1 b4
35. Qf6 Qf8 36. Qf4 c3 37. bxc3 bxc3 38. Rc2 Qd8 39. Rc1 c2 40. g3 Rc5 41. Kf1
f6 42. exf6 Kf7 43. Ra1 Qc7 44. Qb4 c1=Q+ 0-1

[Event "XLI Rilton Cup 2011-12"]
[Site "Stockholm SWE"]
[Date "2011.12.28"]
[Round "2"]
[Board "24"]
[White "Fries-Nielsen, Jens Ove"]
[Black "Pettersson, Anders1"]
[Result "1-0"]
[WhiteTitle "IM"]
[WhiteElo "2387"]
[BlackElo "2207"]
[WhiteFideId "1400142"]
[BlackFideId "1709771"]
[EventDate "2011.12.27"]

1. d4 d5 2. Nc3 Bg4 3. f3 Bh5 4. Nh3 e6 5. Nf4 Nf6 6. g4 Bxg4 7. fxg4 Nxg4 8.
Qd3 Be7 9. Ng2 Nc6 10. Bf4 O-O 11. h3 Nb4 12. Qf3 Nf6 13. O-O-O c5 14. dxc5 Bxc5
15. Bg5 Be7 16. a3 Nc6 17. Nf4 h6 18. Bh4 g5 19. Rg1 Kh8 20. Nfxd5 exd5 21. Nxd5
Nxd5 22. Rxd5 Qb6 23. Bf2 Qc7 24. e3 Rad8 25. Bg3 Qb6 26. Rb5 Qa6 27. Rxg5 Qxf1+
28. Rxf1 hxg5 29. h4 f6 30. Qf5 Kg7 31. h5 Kf7 32. h6 Rh8 33. Qxg5 Rdg8 34. Qh5+
Rg6 35. Bf4 Bf8 36. Qd5+ Ke8 37. Rd1 Rh7 38. Qe6+ Re7 39. Qf5 Kf7 40. h7 Bg7 41.
Qh5 Re8 1-0

[Event "XLI Rilton Cup 2011-12"]
[Site "Stockholm SWE"]
[Date "2011.12.28"]
[Round "2"]
[Board "25"]
[White "Westerberg, Jonathan"]
[Black "Olund, Joar"]
[Result "1-0"]
[WhiteTitle "FM"]
[WhiteElo "2321"]
[BlackElo "2141"]
[WhiteFideId "1701754"]
[BlackFideId "1714848"]
[EventDate "2011.12.27"]

1. d4 Nf6 2. Nf3 g6 3. Bf4 Bg7 4. e3 d6 5. Be2 Nc6 6. h3 O-O 7. Bh2 b6 8. O-O
Bb7 9. c4 Ne4 10. Nbd2 Nxd2 11. Qxd2 e5 12. Rfd1 exd4 13. exd4 d5 14. Rac1 dxc4
15. Bxc4 Ne7 16. Bxc7 1-0

[Event "XLI Rilton Cup 2011-12"]
[Site "Stockholm SWE"]
[Date "2011.12.28"]
[Round "2"]
[Board "26"]
[White "Dragicevic, Drazen"]
[Black "Aperia, Jakob"]
[Result "1-0"]
[WhiteTitle "FM"]
[WhiteElo "2312"]
[BlackElo "2059"]
[WhiteFideId "1707922"]
[BlackFideId "1711423"]
[EventDate "2011.12.27"]

1. Nf3 Nf6 2. c4 c6 3. b3 g6 4. Bb2 Bg7 5. g3 d5 6. Bg2 O-O 7. O-O Bg4 8. d3 Qc8
9. Re1 Bh3 10. Bh1 Rd8 11. Nbd2 dxc4 12. bxc4 c5 13. Qb3 Nc6 14. Ne5 Bd7 15.
Nxd7 Qxd7 16. Qb5 Nb4 17. Qxd7 Rxd7 18. Rec1 Rc8 19. Bc3 Nc6 20. Rab1 Ne8 21.
Kf1 Nd6 22. Nb3 b6 23. Be1 e5 24. Bc3 Kf8 25. Nd2 Ke7 26. Rb3 Kd8 27. Ke1 Kc7
28. Nf1 Nf5 29. g4 Nfd4 30. Rbb1 f5 31. h3 Re8 32. Ne3 Ne7 33. Rb2 f4 34. Nd5+
Nxd5 35. Bxd5 h5 36. a4 a5 37. Rcb1 hxg4 38. hxg4 e4 39. Bxd4 Bxd4 40. Rxb6 Bc3+
41. Kd1 Rxd5 42. cxd5 Bb4 43. Rxg6 exd3 44. exd3 Re1+ 45. Kc2 Re2+ 46. Kb3 1-0

[Event "XLI Rilton Cup 2011-12"]
[Site "Stockholm SWE"]
[Date "2011.12.28"]
[Round "2"]
[Board "29"]
[White "Isetoft, Daniel"]
[Black "Cramling, Dan"]
[Result "1-0"]
[BlackTitle "IM"]
[WhiteElo "2206"]
[BlackElo "2392"]
[WhiteFideId "1708996"]
[BlackFideId "1700162"]
[EventDate "2011.12.27"]

1. e4 c5 2. Nf3 e6 3. g3 d5 4. exd5 exd5 5. d4 Bg4 6. Bg2 Nc6 7. O-O cxd4 8.
Re1+ Be7 9. Nbd2 Nf6 10. Nb3 Bxf3 11. Bxf3 Qb6 12. a4 a5 13. Qd3 O-O 14. Qb5 Qa7
15. Bd2 Rfe8 16. Bg5 Ne4 17. Bxe7 Rxe7 18. Qxd5 Re5 19. Qc4 Rae8 20. Rxe4 Rxe4
21. Bxe4 Rxe4 22. Rd1 h5 23. c3 h4 24. Nxd4 Qb6 25. Qb5 Qc7 26. Qf5 1-0

[Event "XLI Rilton Cup 2011-12"]
[Site "Stockholm SWE"]
[Date "2011.12.28"]
[Round "2"]
[Board "31"]
[White "Arman, Deniz"]
[Black "Bryntze, Stefan"]
[Result "1-0"]
[WhiteTitle "FM"]
[WhiteElo "2304"]
[BlackElo "2175"]
[WhiteFideId "6302106"]
[BlackFideId "1709100"]
[EventDate "2011.12.27"]

1. e4 e5 2. Nf3 Nc6 3. Bb5 a6 4. Bxc6 dxc6 5. O-O Bg4 6. h3 Bh5 7. g4 Bg6 8.
Nxe5 Qh4 9. Qf3 f6 10. Nxg6 hxg6 11. Kg2 g5 12. d4 Ne7 13. Rh1 O-O-O 14. Be3 Kb8
15. Nd2 Ng6 16. Qf5 Qh6 17. Nf3 Ne7 18. Qe6 Qg6 19. e5 Qe4 20. Rae1 Qxc2 21.
exf6 gxf6 22. Qxf6 Rh6 23. Qxg5 Rd5 24. Qf4 Ng6 25. Qf7 Rh7 26. Qe8+ Ka7 27. Rc1
Re7 28. Qxe7 Qxc1 29. Qe4 1-0

[Event "XLI Rilton Cup 2011-12"]
[Site "Stockholm SWE"]
[Date "2011.12.28"]
[Round "2"]
[Board "33"]
[White "Codenotti, Marco"]
[Black "Lokander, Martin"]
[Result "1/2-1/2"]
[WhiteTitle "FM"]
[WhiteElo "2293"]
[BlackElo "2151"]
[WhiteFideId "800015"]
[BlackFideId "1709569"]
[EventDate "2011.12.27"]

1. e4 e5 2. Nf3 Nc6 3. Bb5 a6 4. Ba4 Nf6 5. O-O Be7 6. Re1 b5 7. Bb3 O-O 8. d4
Nxd4 9. Nxd4 exd4 10. e5 Ne8 11. Qxd4 d6 12. Qe4 Rb8 13. e6 f5 14. Qf3 c5 15.
Bd5 Nc7 16. c4 Kh8 17. Nc3 Bf6 18. Bf4 g5 19. Bd2 Qe7 20. Re2 Nxe6 21. Qh5 Qe8
22. Qh6 Bg7 23. Qh3 Qg6 24. Qd3 b4 25. Nd1 Bd7 26. a3 Be5 27. axb4 cxb4 28. Bxe6
Bxe6 29. Rxa6 Qh5 30. h3 Qf7 31. b3 f4 32. f3 Bf5 33. Re4 Bxe4 34. Qxe4 Qb7 35.
Rc6 Ra8 36. Nf2 Ra1+ 37. Kh2 Rf1 38. Nd3 Rd1 39. Nxe5 Rxd2 40. Ng4 Rd1 41. Qe2
h5 42. Qxd1 Qxc6 43. Qd4+ Kh7 44. Qd3+ Kh8 45. Qd4+ Kh7 46. Qd3+ Kh8 47. Qd4+ 1/2-1/2

[Event "XLI Rilton Cup 2011-12"]
[Site "Stockholm SWE"]
[Date "2011.12.28"]
[Round "2"]
[Board "34"]
[White "Kenneskog, Theodor"]
[Black "Von Bahr, Oskar"]
[Result "1/2-1/2"]
[WhiteElo "2123"]
[BlackElo "2284"]
[WhiteFideId "1715011"]
[BlackFideId "1703250"]
[EventDate "2011.12.27"]

1. d4 Nf6 2. c4 e6 3. Nf3 d5 4. Nc3 Bb4 5. cxd5 exd5 6. Bg5 Nbd7 7. e3 c5 8. Bd3
Qa5 9. Qc2 c4 10. Bf5 O-O 11. O-O g6 12. Bh3 Kg7 13. Nd2 h6 14. Bxf6+ Nxf6 15.
Bxc8 Raxc8 16. a3 Bd6 17. e4 dxe4 18. Ncxe4 Qf5 19. Rac1 Nxe4 20. Qxe4 Qf4 21.
Qxf4 Bxf4 22. Rc2 Rfd8 23. Nf3 Rd5 24. g3 Bg5 25. h4 Bf6 26. Rfc1 b5 27. b3 1/2-1/2

[Event "XLI Rilton Cup 2011-12"]
[Site "Stockholm SWE"]
[Date "2011.12.28"]
[Round "2"]
[Board "36"]
[White "Hedstrom, Johan"]
[Black "Luukkonen, Tommi"]
[Result "1-0"]
[BlackTitle "FM"]
[WhiteElo "2100"]
[BlackElo "2252"]
[WhiteFideId "1714813"]
[BlackFideId "501808"]
[EventDate "2011.12.27"]

1. e4 c5 2. Nf3 d6 3. d4 cxd4 4. Nxd4 Nf6 5. Nc3 a6 6. f4 e6 7. Qf3 Qb6 8. Nb3
Qc7 9. Bd3 b5 10. Nd4 b4 11. Nce2 Bb7 12. g4 d5 13. e5 Ne4 14. h4 Nd7 15. Be3
Ndc5 16. Rf1 Nxd3+ 17. cxd3 Nc5 18. Bd2 a5 19. Rc1 Qd7 20. Nb3 Nxb3 21. axb3 Be7
22. Qg3 O-O 23. f5 f6 24. exf6 Bxf6 25. g5 Bd8 26. f6 Bb6 27. Bf4 d4 28. Bc7 Qb5
29. Bxb6 Qxb6 30. Rc7 Rf7 31. Rxf7 Kxf7 32. fxg7+ Kxg7 33. Qe5+ Kg8 34. g6 1-0

[Event "XLI Rilton Cup 2011-12"]
[Site "Stockholm SWE"]
[Date "2011.12.28"]
[Round "2"]
[Board "37"]
[White "Glimbrant, Torbjorn"]
[Black "Kwapinski, Leszek"]
[Result "1-0"]
[WhiteElo "2250"]
[BlackElo "2051"]
[WhiteFideId "1700995"]
[BlackFideId "1409883"]
[EventDate "2011.12.27"]

1. c4 Nf6 2. Nc3 d5 3. cxd5 Nxd5 4. g3 e5 5. Bg2 c6 6. Nf3 Bd6 7. O-O Nd7 8. d4
Nxc3 9. bxc3 O-O 10. e3 Re8 11. a4 e4 12. Nd2 Nf6 13. Qc2 Bf5 14. Ba3 Bc7 15. c4
Qd7 16. Rfb1 b6 17. c5 Qe6 18. cxb6 axb6 19. Rc1 c5 20. dxc5 bxc5 21. Bb2 Ba5
22. Nb3 Rec8 23. Nxc5 Qd5 24. Bxf6 gxf6 25. Nxe4 Qe5 26. Qe2 Kg7 27. Qf3 Re8 28.
Nd6 Qxd6 29. Qxf5 Re5 30. Qf3 Ra7 31. Rc4 h5 32. h4 Rc7 33. Rd4 Qe6 34. Rad1 Bc3
35. Rd6 Qe7 36. Bh3 Rc4 37. Bf5 Kh6 38. Rd8 Rcc5 39. Qxh5+ Kxh5 40. Rh8# 1-0

[Event "XLI Rilton Cup 2011-12"]
[Site "Stockholm SWE"]
[Date "2011.12.29"]
[Round "3"]
[Board "1"]
[White "Gajewski, Grzegorz"]
[Black "Semcesen, Daniel"]
[Result "1-0"]
[WhiteTitle "GM"]
[BlackTitle "IM"]
[WhiteElo "2616"]
[BlackElo "2490"]
[WhiteFideId "1116207"]
[BlackFideId "1706993"]
[EventDate "2011.12.27"]

1. d4 d5 2. c4 c6 3. Nc3 Nf6 4. e3 g6 5. Nf3 Bg7 6. Be2 O-O 7. O-O Bg4 8. h3
Bxf3 9. Bxf3 e6 10. b3 Nbd7 11. Ba3 Re8 12. Bd6 a6 13. Rc1 Nb6 14. Bh2 dxc4 15.
bxc4 Nxc4 16. Na4 Nd6 17. Nc5 Re7 18. Qb3 Nfe8 19. Rfd1 Qa5 20. a4 Rd8 21. Nd3
Rc8 22. Ne5 c5 23. Nc4 Nxc4 24. Rxc4 e5 25. dxc5 Rxc5 26. Rxc5 Qxc5 27. Bxb7 a5
28. g4 Nd6 29. Bd5 Bf8 30. Bg3 h6 31. Bh4 g5 32. Bg3 Ne8 33. Be4 Nf6 34. Bf5 Kg7
35. Qb2 Re8 36. Rc1 Qd5 37. Qb6 h5 38. Rc6 Be7 39. gxh5 Nxh5 40. Rg6+ fxg6 41.
Qxg6+ Kf8 42. Be6 Qxe6 43. Qxe6 Nxg3 44. fxg3 Bd8 45. Qd6+ Kf7 46. Qd7+ Kf8 47.
e4 1-0

[Event "XLI Rilton Cup 2011-12"]
[Site "Stockholm SWE"]
[Date "2011.12.29"]
[Round "3"]
[Board "2"]
[White "Shimanov, Aleksandr"]
[Black "Tikkanen, Hans"]
[Result "1-0"]
[WhiteTitle "GM"]
[BlackTitle "GM"]
[WhiteElo "2549"]
[BlackElo "2586"]
[WhiteFideId "4198603"]
[BlackFideId "1706446"]
[EventDate "2011.12.27"]

1. d4 Nf6 2. c4 g6 3. f3 Nc6 4. d5 Ne5 5. e4 d6 6. Nc3 Bg7 7. f4 Ned7 8. Nh3 e5
9. f5 Nc5 10. Qf3 gxf5 11. exf5 e4 12. Qf4 Nh5 13. Qf2 Bxc3+ 14. bxc3 Qf6 15.
Qd4 Rg8 16. Nf2 Na4 17. g4 Nxc3 18. Be3 Qxd4 19. Bxd4 e3 20. Bxe3 Nf6 21. Bd4
Nce4 22. h3 Kf8 23. Bd3 Bd7 24. O-O-O Nxf2 25. Bxf2 Ba4 26. Rde1 Nd7 27. f6 h5
28. gxh5 Rh8 29. Bd4 Rxh5 30. Rhg1 Nc5 31. Bxc5 dxc5 32. Rg7 Rh8 33. Reg1 Rd8
34. Rh7 Rg8 35. Rxg8+ Kxg8 36. Rg7+ Kh8 37. Rxf7 Bd7 38. Rh7+ 1-0

[Event "XLI Rilton Cup 2011-12"]
[Site "Stockholm SWE"]
[Date "2011.12.29"]
[Round "3"]
[Board "5"]
[White "Leer-Salvesen, Bjarte"]
[Black "L'Ami, Erwin"]
[Result "0-1"]
[WhiteTitle "IM"]
[BlackTitle "GM"]
[WhiteElo "2380"]
[BlackElo "2594"]
[WhiteFideId "1501496"]
[BlackFideId "1007998"]
[EventDate "2011.12.27"]

1. c4 Nf6 2. g3 c6 3. Nf3 d5 4. Bg2 g6 5. b3 Bg7 6. Bb2 O-O 7. O-O Bg4 8. d3
Bxf3 9. Bxf3 e6 10. b4 dxc4 11. dxc4 Qxd1 12. Rxd1 Nfd7 13. Bxg7 Kxg7 14. Nc3
Ne5 15. c5 Na6 16. Bg2 Rad8 17. a3 Nc4 18. Be4 Nc7 19. a4 f5 20. Bg2 a5 21. b5
Nd5 22. Rdc1 Nd2 23. Nxd5 exd5 24. Ra2 Nc4 25. e3 Ne5 26. Rd2 g5 27. bxc6 bxc6
28. Rb1 Rb8 29. Rdb2 Nd7 30. Rb7 Kf6 31. h3 h5 32. Bf3 g4 33. hxg4 hxg4 34. Be2
Ke5 35. f3 gxf3 36. Bxf3 Rxb7 37. Rxb7 Nxc5 38. Ra7 Nb3 39. Bd1 Nd2 40. Rxa5 Nc4
41. Ra7 Nxe3 42. Be2 Rb8 43. a5 Rb2 44. Kf2 Nc4 45. a6 Ra2 46. Re7+ Kd6 47. Rf7
Ke6 48. Rc7 Rxa6 49. Bxc4 dxc4 50. Ke3 Ra3+ 51. Kd4 Rd3+ 52. Kxc4 Rxg3 53. Rxc6+
Ke5 54. Rc8 Re3 55. Rf8 Ke4 56. Re8+ Kf3 57. Rh8 f4 58. Kd4 Kg3 59. Rg8+ Kf2 60.
Rg4 f3 0-1

[Event "XLI Rilton Cup 2011-12"]
[Site "Stockholm SWE"]
[Date "2011.12.29"]
[Round "3"]
[Board "6"]
[White "Bellon Lopez, Juan Manuel"]
[Black "Socko, Bartosz"]
[Result "0-1"]
[WhiteTitle "GM"]
[BlackTitle "GM"]
[WhiteElo "2419"]
[BlackElo "2635"]
[WhiteFideId "2200031"]
[BlackFideId "1107038"]
[EventDate "2011.12.27"]

1. d4 Nf6 2. Bf4 g6 3. e3 d6 4. h3 Bg7 5. Nf3 O-O 6. Be2 Nc6 7. O-O Re8 8. c3
Bd7 9. d5 Nb8 10. Qb3 Na6 11. Bxa6 bxa6 12. Rd1 Rb8 13. Qc2 Bf5 14. Qe2 Be4 15.
c4 Bxf3 16. Qxf3 Rxb2 17. Nd2 Qd7 18. Rab1 Reb8 19. Nb3 Rxa2 20. Nd4 Rb6 21. Nc6
Ra3 22. Rbc1 h6 23. g4 a5 24. c5 Rb2 25. Rb1 Rab3 26. Rxb2 Rxb2 27. Nxa5 Qa4 28.
Nc6 Ne4 29. Nxe7+ Kh7 30. Rd4 Bxd4 31. Qxe4 Qd1+ 32. Kg2 Qe2 0-1

[Event "XLI Rilton Cup 2011-12"]
[Site "Stockholm SWE"]
[Date "2011.12.29"]
[Round "3"]
[Board "8"]
[White "Rozentalis, Eduardas"]
[Black "Fries-Nielsen, Jens Ove"]
[Result "1-0"]
[WhiteTitle "GM"]
[BlackTitle "IM"]
[WhiteElo "2586"]
[BlackElo "2387"]
[WhiteFideId "12800023"]
[BlackFideId "1400142"]
[EventDate "2011.12.27"]

1. e4 e5 2. Nf3 Nc6 3. Bb5 Nd4 4. Nxd4 exd4 5. O-O h5 6. c3 Bc5 7. b4 Bb6 8. Na3
c6 9. Bd3 d5 10. exd5 cxd5 11. Nb5 Nf6 12. Nxd4 Bxd4 13. cxd4 Qd6 14. Qe2+ Be6
15. Qe5 Qb6 16. b5 Ng4 17. Qf4 Rh6 18. Ba3 Rf6 19. Qg3 Kd7 20. Bc5 Qc7 21. Qxc7+
Kxc7 22. Rac1 Kd7 23. b6 a6 24. Ba3 1-0

[Event "XLI Rilton Cup 2011-12"]
[Site "Stockholm SWE"]
[Date "2011.12.29"]
[Round "3"]
[Board "9"]
[White "Ivanov, Sergey"]
[Black "Westerberg, Jonathan"]
[Result "1-0"]
[WhiteTitle "GM"]
[BlackTitle "FM"]
[WhiteElo "2537"]
[BlackElo "2321"]
[WhiteFideId "4101375"]
[BlackFideId "1701754"]
[EventDate "2011.12.27"]

1. d4 Nf6 2. Nf3 e6 3. c4 b6 4. g3 Ba6 5. Qc2 Bb7 6. Bg2 c5 7. d5 exd5 8. cxd5
Nxd5 9. O-O Be7 10. Rd1 Nf6 11. Nc3 d5 12. e4 O-O 13. e5 Ne8 14. Nxd5 Nc6 15.
Bf4 Qc8 16. b4 cxb4 17. Qxc6 1-0

[Event "XLI Rilton Cup 2011-12"]
[Site "Stockholm SWE"]
[Date "2011.12.29"]
[Round "3"]
[Board "10"]
[White "Mack, Wolfgang"]
[Black "Bakre, Tejas"]
[Result "0-1"]
[BlackTitle "GM"]
[WhiteElo "2293"]
[BlackElo "2509"]
[WhiteFideId "4685458"]
[BlackFideId "5004195"]
[EventDate "2011.12.27"]

1. c4 e5 2. g3 Nc6 3. Nc3 Nf6 4. Bg2 Bc5 5. Nf3 d6 6. d3 O-O 7. O-O h6 8. a3 Nd4
9. e3 Nxf3+ 10. Bxf3 c6 11. Na4 Bh3 12. Re1 a5 13. Bd2 Re8 14. b4 axb4 15. Bxb4
Ba7 16. Qb3 Qd7 17. c5 Qf5 18. Bh1 e4 19. dxe4 Nxe4 20. Qc2 dxc5 0-1

[Event "XLI Rilton Cup 2011-12"]
[Site "Stockholm SWE"]
[Date "2011.12.29"]
[Round "3"]
[Board "11"]
[White "Brynell, Stellan"]
[Black "Dragicevic, Drazen"]
[Result "1-0"]
[WhiteTitle "GM"]
[BlackTitle "FM"]
[WhiteElo "2486"]
[BlackElo "2312"]
[WhiteFideId "1700219"]
[BlackFideId "1707922"]
[EventDate "2011.12.27"]

1. d4 Nf6 2. c4 g6 3. Nc3 d5 4. Nf3 Bg7 5. Qa4+ c6 6. cxd5 Nxd5 7. e4 Nxc3 8.
bxc3 O-O 9. Be2 c5 10. O-O Nc6 11. Be3 Qa5 12. Qb3 a6 13. a4 Qc7 14. Rab1 e5 15.
d5 Nb8 16. Nd2 Nd7 17. Nc4 a5 18. Rfd1 b6 19. d6 Qc6 20. Nxb6 Rb8 21. Nxc8 Rfxc8
22. Bb5 Qxe4 23. Qa2 Rb7 24. h3 Bf8 25. Rb2 Kg7 26. Rbd2 Rd8 27. Bg5 Rdb8 28.
Re2 Qf5 29. Be3 h6 30. Qd5 Qe6 31. Qxe6 fxe6 32. c4 Kf6 33. Bd2 Ra7 34. Bc3 Rb6
35. f4 g5 36. fxe5+ Kg6 37. Rf1 Bg7 38. g4 Rb8 39. Kg2 Rb6 40. Kf3 Rb8 41. Ke4
Nf8 42. Ref2 Rd8 43. Bd2 Rb8 44. Be3 Rc8 45. Rf3 Kh7 46. Rf7 Rxf7 47. Rxf7 Ng6
48. d7 Rd8 49. Bxc5 1-0

[Event "XLI Rilton Cup 2011-12"]
[Site "Stockholm SWE"]
[Date "2011.12.29"]
[Round "3"]
[Board "13"]
[White "Nithander, Victor"]
[Black "Johansson, Linus"]
[Result "1/2-1/2"]
[WhiteTitle "IM"]
[WhiteElo "2423"]
[BlackElo "2197"]
[WhiteFideId "1707833"]
[BlackFideId "1711113"]
[EventDate "2011.12.27"]

1. c4 Nf6 2. g3 e6 3. Bg2 d5 4. Nf3 Be7 5. b3 O-O 6. Bb2 c5 7. O-O Nc6 8. cxd5
exd5 9. d3 Re8 10. Nbd2 Bf8 11. a3 Bg4 12. Re1 d4 13. Rc1 h6 14. Qc2 Qd7 15. e3
dxe3 16. fxe3 Nd5 17. Nc4 Bxf3 18. Bxf3 b5 19. Bxd5 Qxd5 20. e4 Qd7 21. Ne3 Rad8
22. Nd5 Ne7 23. Nf4 Nc6 24. Kg2 Nd4 25. Bxd4 Qxd4 26. Rf1 g5 27. Nh5 Re6 28.
Rcd1 Bg7 29. Nxg7 Kxg7 30. Qe2 Rdd6 31. Qg4 Qb2+ 32. Rf2 Qxb3 33. Rdf1 Rf6 34.
h4 Rxf2+ 35. Rxf2 Qe6 36. Rf5 Rxd3 37. hxg5 h5 38. Qe2 Qd6 39. Qe1 b4 40. axb4
cxb4 41. Qf2 Qe6 42. Qb2+ Rc3 43. Qxb4 Rc4 44. Qb2+ Kg8 45. Qb8+ Kg7 1/2-1/2

[Event "XLI Rilton Cup 2011-12"]
[Site "Stockholm SWE"]
[Date "2011.12.29"]
[Round "3"]
[Board "14"]
[White "Volkov, Sergey"]
[Black "Arjun, Bharat"]
[Result "1/2-1/2"]
[WhiteTitle "GM"]
[BlackTitle "CM"]
[WhiteElo "2626"]
[BlackElo "2178"]
[WhiteFideId "4122763"]
[BlackFideId "5032725"]
[EventDate "2011.12.27"]

1. d4 d5 2. c4 c6 3. e3 Nf6 4. Bd3 a6 5. Nf3 Bg4 6. Qb3 Bxf3 7. gxf3 Qc7 8. Nc3
e6 9. c5 Nbd7 10. f4 Be7 11. Bd2 h6 12. h4 h5 13. Qc2 Qd8 14. Ke2 Nf8 15. f3
N6d7 16. Be1 g6 17. b4 f5 18. a4 Kf7 19. Bf2 Nh7 20. Ra2 Qc7 21. b5 Rhb8 22.
bxc6 bxc6 23. a5 Rb7 24. Na4 Raa7 25. Nb6 Nb8 26. Kf1 Nf8 27. Kg2 Kg7 28. Kh3
Kh6 29. Rg1 Bf6 30. Rg2 Qd8 31. Ra1 Qe8 32. Qe2 Qd8 33. Rb1 Kh7 34. Qf1 Kh6 35.
Rb3 Qc7 36. Qb1 Qd8 37. Be1 Bg7 38. Rgb2 Nfd7 39. Nxd7 Rxb3 40. Rxb3 Nxd7 41.
Rb7 Ra8 42. Bc2 Qc8 43. Ba4 Kh7 44. Bf2 Kh6 45. Kg2 Bf6 46. e4 Bg7 47. exd5 exd5
48. Bc2 Rb8 49. Rb3 Rxb3 50. Qxb3 Qb8 51. Qe3 Qb2 52. Bd3 Nb8 53. Be2 Kh7 54.
Qe8 Kh6 55. Qe3 Kh7 56. Qe7 Kh6 57. Qe8 Kh7 58. Kh3 Bxd4 59. Bxd4 Qxd4 60. Qe7+
Qg7 61. Qd6 Qa1 62. Kg2 Qb2 63. Qc7+ Kg8 64. Qe7 Qd2 65. Qe8+ Kg7 66. Qe5+ Kh7
67. Kf2 Qb4 68. Qe7+ Kg8 69. Qe6+ Kg7 70. Qe7+ Kg8 71. Qe8+ Kg7 72. Qe7+ Kg8 1/2-1/2

[Event "XLI Rilton Cup 2011-12"]
[Site "Stockholm SWE"]
[Date "2011.12.29"]
[Round "3"]
[Board "15"]
[White "Cramling, Pia"]
[Black "Isetoft, Daniel"]
[Result "1-0"]
[WhiteTitle "GM"]
[WhiteElo "2495"]
[BlackElo "2206"]
[WhiteFideId "1700030"]
[BlackFideId "1708996"]
[EventDate "2011.12.27"]

1. d4 Nf6 2. Nf3 e6 3. c4 b6 4. g3 Ba6 5. Qa4 c5 6. Bg2 Bb7 7. dxc5 Bxc5 8. O-O
O-O 9. Nc3 a6 10. Bf4 Be7 11. Rfd1 d6 12. Rac1 Qc7 13. Ne1 Bxg2 14. Kxg2 Nbd7
15. f3 Rfc8 16. b3 h6 17. Qa3 Ne5 18. Qb2 Qb7 19. a4 Rd8 20. Rc2 Ng6 21. Be3 Ne5
22. Bg1 Rac8 23. Rcd2 Qc6 24. Bd4 Qb7 25. Bg1 Qc6 26. Nd3 Nxd3 27. Rxd3 Ng4 28.
Nd5 exd5 29. cxd5 Qc2 30. Qxc2 Rxc2 31. fxg4 Rxe2+ 32. Kf3 Rb2 33. Rc1 Rb8 34.
Rc6 b5 35. a5 Ra8 36. h4 Ra2 37. Bb6 Ra3 38. Re3 Bf8 39. Bc7 b4 40. Bb6 Re8 41.
Bc7 Ra8 42. Rc4 1-0